=LDR 00000nam 2200000 4500 =001 INLIS000000000031733 =005 20130612133804 =008 ***********************************ind** =035 ##$$0010-061300000031733 =041 ##$$a ind =082 ##$$a 495.1 =090 ##$$a 495.1, Har c =100 ##$$a HARYADI, Julius =245 ##$$a Cara Cepat Menguasai Percakapan Mandarin I, Julius Haryadi =260 ##$$a 2008 $b =300 ##$$aaJakarta =650 ##$$a vi,138 hlm., 17 cm =850 ##$$a BAHASA MANDARIN =990 ##$$a 21195222/BPAP-NTB/2014 =990 ##$$a 2090100756/BPAP-NTB/2015 =990 ##$$a 0001/BPAP-NTB/2016 =990 ##$$a 24532453 =990 ##$$a 1202100327 =990 ##$$a 21195222/BPAP-NTB/2014 =990 ##$$a 2090100756/BPAP-NTB/2015 =990 ##$$a 0001/BPAP-NTB/2016